|
|
|
|
| LEADER |
01561nam a22002897a 4500 |
| 001 |
33776 |
| 003 |
BD-DhAAL |
| 005 |
20211121150015.0 |
| 008 |
180916t2018 xxu||||| |||| 00| 0 eng d |
| 999 |
|
|
|c 39957
|d 39957
|
| 020 |
|
|
|a 9781541110380
|
| 040 |
|
|
|a BD-DhAAL
|
| 082 |
|
|
|2 21
|a 909
|
| 100 |
|
|
|a Brown, Adam
|9 28194
|
| 245 |
|
|
|a World History:
|b Ancient History, United States History, European, Native American, Russian, Chinese, African, Asian, Indian and Australian History, Wars including World War1 and 2 /
|c Adam Brown
|
| 250 |
|
|
|a 4th edition
|
| 260 |
|
|
|a [Place of publication not identified] :
|b [Adam Brown],
|c 2016
|
| 300 |
|
|
|a 167 pages ;
|c 23 cm.
|
| 520 |
|
|
|a "This book contains the history of the entire world, as we know it."
|
| 541 |
|
|
|a Karim International
|e 33776, 33777, 33778
|
| 650 |
|
|
|a World history.
|9 28195
|
| 650 |
|
|
|a English language.
|9 42923
|
| 852 |
|
|
|a Ayesha Abed Library
|c General Stacks
|
| 942 |
|
|
|2 ddc
|c BK
|
| 952 |
|
|
|0 0
|1 0
|2 ddc
|4 0
|6 909_000000000000000_BRO
|7 0
|9 64392
|a BRACUL
|b BRACUL
|c GEN
|d 2018-09-13
|e Karim International
|g 1435.05
|l 8
|m 62
|o 909 BRO
|p 3010033777
|r 2025-11-03
|s 2025-10-19
|t 2
|v 1435.05
|w 2018-09-13
|y BK
|
| 952 |
|
|
|0 0
|1 0
|2 ddc
|4 0
|6 909_000000000000000_BRO
|7 0
|9 64393
|a BRACUL
|b BRACUL
|c GEN
|d 2018-09-13
|e Karim International
|g 1435.05
|l 8
|m 65
|o 909 BRO
|p 3010033776
|r 2026-03-29
|s 2026-03-08
|t 1
|v 1435.05
|w 2018-09-13
|y BK
|
| 952 |
|
|
|0 0
|1 0
|2 ddc
|4 0
|6 909_000000000000000_BRO
|7 0
|9 64394
|a BRACUL
|b BRACUL
|c GEN
|d 2018-09-13
|e Karim International
|g 1435.05
|l 7
|m 29
|o 909 BRO
|p 3010033778
|r 2026-05-03
|s 2026-04-21
|t 3
|v 1435.05
|w 2018-09-13
|y BK
|